[Event "Moscow Aeroflot op-A"]
[Site "Moscow"]
[Date "2004.02.20"]
[Round "4"]
[White "Sadvakasov, Darmen"]
[Black "Neverov, Valeriy"]
[Result "1-0"]
[WhiteElo "2611"]
[BlackElo "2527"]
[Annotator "Ribli,Z"]
[PlyCount "78"]
[EventDate "2004.02.17"]
[EventType "swiss"]
[EventRounds "9"]
[EventCountry "RUS"]
[SourceTitle "CBM 100"]
[Source "ChessBase"]
[SourceDate "2004.06.01"]
[SourceVersion "1"]
[SourceVersionDate "2004.06.01"]
[SourceQuality "1"]

1. e4 c5 2. Nf3 e6 3. d4 cxd4 4. Nxd4 Nc6 5. Nc3 Qc7 6. Be2 a6 7. O-O Nf6 8.
Be3 Bb4 9. Na4 Be7 10. Nxc6 {Früher spielte man 10.c4, aber nach 10...Nxe4 ist
es fraglich, ob Weiß ausreichende Kompensation hat, die schwarzen Chancen sind
nicht schlechter.} bxc6 11. Nb6 Rb8 12. Nxc8 Qxc8 13. Bd4 c5 {Dieser Bauernzug
ist die Hauptfortsetzung in dieser Stellung, aber 13...Nxe4 und besonders 13...
0-0 sind auch möglich.} 14. Be5 Rb6 15. b3 Nxe4 {Das ist die prinzipielle
Fortsetzung. Schwarz nimmt den Zentrumbauern und bekommt eine starke
Bauernmasse im Zentrum. Andererseits nimmt Weiß den wichtigen g7-Bauern und
der schwarze Königsflügel wird geschwächt.} (15... O-O 16. Bd3 (16. Qd3 {
Dieser Zug führt mit Zugumstellung zur Variante 15.Qd3.}) 16... d6 17. Bb2 d5
18. exd5 Nxd5 19. Qh5 h6 20. Rad1 Bf6 21. Bxf6 Nxf6 22. Qe5 $14) 16. Bxg7 Rg8
17. Be5 (17. Bb2 Rd6 $1 $132) 17... Bd6 18. Bg3 (18. f4 $6 c4 $1 19. Kh1 Bxe5
20. fxe5 Qc5 21. Qe1 Qxe5 {1/2-1/2 Marjanovic,S-Miladinovic,I/Chania (open) 34}
) (18. Bxd6 Rxd6 19. Bd3 Qc6 20. f3 Nf6 21. Qe2 Qd5 (21... h5 22. f4 Rd4 23. f5
Rdg4 24. Rf2 Ne4 25. Bxe4 Qxe4 26. Qxe4 Rxe4 27. Rd1 d5 28. Kf1 Ke7 29. Rd3 {
'1/2-1/2 Palac,M-Rodriguez Guerrero,E/Lorca ESP 2001/(29)'}) 22. Kh1 Qh5 23.
Rae1 Qh6 24. f4 Nh5 {1/2-1/2 Korneev,O-Fluvia Poyatos,J/Mondariz 2000/EXT 2001
(43)}) 18... Nxg3 {Statt dieser automatischer Fortsetzung kommt 18...c4!?
stark in Betracht.} (18... c4 $5 19. Bxc4 Bxg3 20. hxg3 Qc5 21. Bd3 Nxg3 22.
Qf3 $5 (22. Re1 f5 $13) 22... Ke7 23. Rfe1 Rg5 24. Rad1 {1/2-1/2 Shabalov,
A-Lutz,C/Istanbul 2000/EXT 2001 (61) Ribli}) 19. fxg3 f5 $146 {Mit dem Textzug
verstärkt Schwarz seine Zentrumstellung und bereitet den Königsmarsch mit
Kd8-Kc7 vor.} (19... Ke7 20. Qd3 Qf8 (20... Be5 21. Rae1 Rg7 $13) 21. Qxh7 Qg7
22. Qh5 f5 23. Qh4+ Qg5 24. Rad1 {1-0 Shabalov,A-Macieja,B/Paget Parish 2001/
CBM 81/[Ribli] (61)}) (19... Be5 20. Rb1 $5 (20. Bh5 Bxa1 21. Qxa1 Kd8 22. Qf6+
Kc7 23. Qe5+ Kb7 24. Rxf7 Qc7 25. Bf3+ Kb8 26. Qe4 {1-0 Szczechowicz,
B-Dobrowolski,A/Barlinek CZE 2001/(44)'}) 20... Ke7 21. Bd3 Rg5 (21... f5 22.
Qh5 Rg7 $13) 22. Qf3 Qg8 (22... f5 23. Rbe1 d6 $13) 23. Rbe1 Qg7 {1-0 Azarov,
S-Banikas,H/Leon 2001/CBM 86/[Ribli] (41)}) 20. Bc4 {[%csl Gc4] Droht jetzt 21.
Rxf5 mit Bauerngewinn.} Be5 {[%cal Ge5d4,Gd4g1]} 21. Qh5+ Kd8 22. Rae1 Bd4+ 23.
Kh1 $14 {Die weiße Königsstellung ist viel sicherer, der schwarze König steht
schlecht in der Mitte. Andererseits hat Schwarz potenziell eine starke
Bauernmasse im Zentrum, aber jeder Bauernzug führt zu Schwächungen.} Kc7 24.
Rf3 {[%cal Gc2c3,Gc3d4][%mdl 32] Weiß bereitet 25.c3 vor, wonach er die beste
schwarze Figur verjagen kann.} Qf8 {Auf diese Weise bringt Schwarz die Dame
ins Spiel.} 25. c3 Bf6 26. Rfe3 Qg7 (26... d5 27. Rxe6 dxc4 (27... Rxe6 28.
Rxe6 dxc4 29. Qf3 $40 {[%csl Rc7]}) 28. Qxh7+ Rg7 (28... Bg7 29. Re8 Qxe8 30.
Rxe8 Rxe8 31. Qxg7+ Kb8 32. h4 $16) 29. Qxf5 $16) (26... Bg5 $5 27. R3e2 Bf6)
27. Qf3 Rc8 28. Rd1 Kb8 29. h3 d5 $6 {Dieser Bauernzug ist scheinbar aktiv,
aber nun bekommt Weiß leichtes Spiel und Angriff.} (29... Rcc6 $13) 30. Bxd5 $1
{[%mdl 512] Mit diesem Läuferopfer vernichtet Weiß das schwarze Bauernzentrum.}
exd5 31. Rxd5 $36 {[%csl Gd5,Ge3,Gf3,Rf5]} Bg5 (31... c4 32. b4 $36) 32. Ree5 {
[%cal Rd5c5,Rd5g5]} Bf6 33. Rxf5 {Weiß hat schon drei Bauern und gefährliche
Initiative für die Figur.} Qe7 34. Kh2 c4 $6 (34... Re6 $142) 35. Qf4+ $16 Ka8
36. bxc4 Rbc6 37. c5 R8c7 (37... Qb7 38. c4 $16) 38. Rd6 $18 {[%csl Ra8,Gd6,
Gf4,Gf5]} Bxc3 39. Qf3 {[%cal Rf3a8,Rf3c3]} Kb7 (39... Kb7 40. Rxc6 Rxc6 41.
Rf7 $18 (41. Qxc3 $18)) 1-0

[Event "San Roque"]
[Site "San Roque"]
[Date "1996.??.??"]
[Round "8"]
[White "De la Villa Garcia, Jesus Maria"]
[Black "Sion Castro, Marcelino"]
[Result "1/2-1/2"]
[WhiteElo "2525"]
[BlackElo "2400"]
[Annotator "Ribli,Z"]
[PlyCount "66"]
[EventDate "1996.02.??"]
[EventType "tourn"]
[EventRounds "9"]
[EventCountry "ESP"]
[EventCategory "11"]
[SourceTitle "CBM 057"]
[Source "ChessBase"]
[SourceDate "1997.04.01"]
[SourceVersion "1"]
[SourceVersionDate "1997.04.01"]
[SourceQuality "1"]

1. e4 c5 2. Nf3 e6 3. d4 cxd4 4. Nxd4 Nc6 5. Nc3 a6 6. Be2 Qc7 7. O-O Nf6 8.
Be3 Bb4 {Statt dessen kann Schwarz 8...d6 mit Übergang zur Scheweninger
Variante spielen.Ribli.} 9. Na4 b5 {Eine relativ selten angewandte Fortsetzung.
Die frühere Theorie schätzte diesen Zug als schlecht für Schwarz ein, aber
1988 wurde er nach den Analysen der Polgar-Schwestern wieder populär.Ribli.}
10. Nxc6 dxc6 11. Bc5 {Das ist der kritische Zug. Wir sehen eine forcierte
Variante; ich glaube, daß dieses System mit 9...b5 verdächtig ist, aber bis
jetzt ist nicht klar, wie man mit Weiß Vorteil erlangen kann.Ribli.} bxa4 12.
Bxb4 c5 13. Ba3 {Das war eine Neuerung von GM Renet aus dem Jahre 1990.} (13.
Bc3 Nxe4 14. Bxg7 Rg8 15. Bf3 (15. Bh6 Rg6 16. Qc1 a3 {Das war die wirkliche
Neuerung in einer Grundpartie Wolff - Polgar,Zsu,Adelaide 1988.Ribli.}) 15...
Bb7 16. Bxe4 (16. Qe2 Ng5 17. Bxb7 Qxb7 18. f4 Nh3+ 19. Kh1 Rxg7 20. Rf3) 16...
Bxe4 17. f3 Rxg7 18. fxe4 Qe5 19. Qf3 Qxb2 $11) 13... Nxe4 14. Bf3 Bb7 15. Re1
f5 (15... Nd6 $6 16. Re5 $1 Rd8 17. Rxc5 $16 {Renet - Lautier,Lyon 1990.}) 16.
Bxe4 {Ich kann mir nicht vorstellen, wie Weiß hier abweichen könnte.Ribli.}
fxe4 17. Qh5+ (17. Qg4 Qe5 (17... Kf7)) 17... g6 18. Qxc5 (18. Qg5 O-O 19. Bxc5
Rf5 $19) (18. Qh6 $5) (18. Qh3 O-O 19. Qxe6+ Qf7 20. Qxf7+ Rxf7 21. Rad1 $14 {
Todorovic-Djukic/Beograd/1995/}) 18... Qxc5 19. Bxc5 {[#] Auf den ersten Blick
hat Weiß großen positionellen Vorteil, aber in Wirklichkeit kann Schwarz trotz
zweier Doppelbauern seine Verteidigung organisieren und den scheinbaren weißen
Vorteil neutralisieren. Ribli.} Rc8 20. Bd4 O-O 21. Rac1 (21. c3 Bd5 22. a3 $2
$11) 21... Rfd8 22. Be3 Kf7 23. h3 (23. c4 Rd3) 23... Kf6 24. Kf1 g5 25. Ke2 h5
26. Red1 Rxd1 27. Kxd1 Kf5 28. Kd2 (28. c4 $5 {Und Weiß kann langsam mit b2-b3
einen Freibauern bilden. Das wahrscheinliche Ergebnis ist jedoch remis.Ribli.})
28... h4 $1 {Schwarz spielt aktiv am Königsflügel.Ribli.} 29. Rd1 {Der letzte
weiße Zug ist eigentlich ein Remisangebot, da dieses Endspiel mit
ungleichfarbigen Läufern kaum zu gewinnen ist. Ribli.} (29. c4 g4 {Und Schwarz
hat Gegenchancen.Ribli.}) 29... Rd8+ 30. Kc1 Rxd1+ 31. Kxd1 Bd5 32. b3 axb3 33.
axb3 g4 {In dieser ausgeglichenen Stellung wurde renis gegeben. Ribli} 1/2-1/2

[Event "Maastricht Complete Chess m"]
[Site "Maastricht"]
[Date "2004.02.12"]
[Round "3"]
[White "Baramidze, David"]
[Black "Stellwagen, Daniel"]
[Result "1/2-1/2"]
[WhiteElo "2456"]
[BlackElo "2489"]
[Annotator "Ribli,Z"]
[PlyCount "70"]
[EventDate "2004.02.10"]
[EventType "match"]
[EventRounds "4"]
[EventCountry "NED"]
[SourceTitle "CBM 100"]
[Source "ChessBase"]
[SourceDate "2004.06.01"]
[SourceVersion "1"]
[SourceVersionDate "2004.06.01"]
[SourceQuality "1"]

1. e4 c5 2. Nf3 e6 3. d4 cxd4 4. Nxd4 Nc6 5. Nc3 Qc7 6. Be2 a6 7. O-O Nf6 8.
Be3 Bb4 {Das ist die Lieblingsvariante des schwarze Spielers, aber 8...d6 wäre
auch möglich mit Übergang zur Scheweninger Variante.} 9. Na4 Be7 {Dieser
Läuferzug scheint mir besser als die früher oft gespielte Fortsetzung - 9...
0-0. Früher oder später muss der Läufer wegziehen, weil er nach 9.Na4 schon
überflüssig auf b4 steht.} 10. Nxc6 bxc6 11. Nb6 Rb8 12. Nxc8 Qxc8 13. Bd4 {
Heutzutage ist dieser Läuferzug in Mode.} (13. e5 Nd5 14. Bc1 Bc5 15. c4 Ne7
16. b3 Qc7 17. Bb2 d6 {Das ist die alte Variante, in der Weiß wenig Hoffnung
auf Eröffnungsvorteil besitzt.}) 13... c5 14. Be5 Rb6 15. Qd3 {Auf diese Weise
verteidigt Weiß den e4-Bauern und gleichzeitig entwickelt er die Dame. Die
andere Möglichkeit für Weiß ist 15.b3, aber in diesem Fall muss er mit 15...
Nxe4 rechnen.} d6 16. Bc3 O-O 17. b3 d5 18. e5 {Das ist die beste Möglichkeit
für Weiß. Obwohl er das Läuferpaar hat, schließt er die Stellung. Aber der
Textzug bietet Weiß Raumvorteil und Angriffschancen am Königsflügel.} (18. exd5
Nxd5 19. Bd2 Nb4 20. Qe4 (20. Qc4 Rd6 21. Bxb4 cxb4 22. Qxb4 Qxc2 $11) 20...
Bf6 21. c3 Rd8 $11) 18... Nd7 19. f4 c4 $5 {Dieses zeitweilige Bauernopfer ist
der Schlüsselzug für Schwarz. Auf diese Weise öffnet er die c-Linie.} (19... f5
20. Qh3 $36) 20. bxc4 Rc6 (20... dxc4 $14) 21. Qh3 Nb6 22. Bd3 g6 23. Rf3 {
[%cal Gf3g3,Gg3g8] Weiß bringt den Turm auf der 3. Reihe ins Spiel.} Re8 24.
Rg3 Qc7 $5 {Mit diesem ruhigen positionellen Zug verteidigt sich Schwarz gegen
25.f5 exf5 26.Bxf5 mit Tempo.} (24... Nxc4 25. f5 $40) 25. Bd4 $146 {[%mdl 4]
Dieser Zug ist weniger ambitionös als 25.f5 - Weiß möchte den dunkelfarbigen
Läufer in Sicherheit bringen.} (25. f5 exf5 26. Kh1 Bc5 27. Rf1 d4 28. Bd2 Qxe5
29. Bf4 Qe7 30. Qxf5 Rf6 31. Qg5 Nd7 32. h4 Bd6 33. Rgf3 Ne5 34. Re1 Re6 35.
Qxe7 {1/2-1/2 Smirnov,P-Panarin,M/Vladimir RUS 2002/(35)}) 25... Nxc4 (25...
dxc4 26. Be4 Nd5 27. Rf1 $16) 26. c3 $11 Nb2 (26... Bf8 $5) (26... Rb8 $5) 27.
f5 {Dieser Zug führt zu Vereinfachungen.} (27. Bc2 $5) 27... Nxd3 (27... exf5
$6 28. e6 Bf8 $8 (28... Rxe6 29. Qxh7+ $1 $18) 29. exf7+ Qxf7 30. Bxf5 $40) 28.
fxg6 hxg6 (28... fxg6 29. Rxd3 Bc5 30. Rf1 $11) 29. Rxd3 Bc5 30. Bxc5 Rxc5 31.
Rf1 {[%csl Gd3,Gf1,Gh3] Die weiße schwere Kavallerie steht gefährlich am
Königsflügel.} Qxe5 32. Rxf7 $1 {[%mdl 512]} Kxf7 (32... Qh5 $6 33. Qxh5 gxh5
34. Ra7 $40) 33. Qh7+ Kf6 34. Rf3+ Qf5 35. Qh4+ (35. Rxf5+ $2 gxf5 36. Qh4+ Kg6
$17) 35... Kf7 (35... Kg7 $4 36. Rxf5 gxf5 37. Qd4+ $18 {[%cal Rd4c5,Rd4g7]}) (
35... Ke5 36. Qg3+ Kf6 37. Qh4+ $11) (35... Kf7 36. Qh7+ Kf8 (36... Kf6 $11)
37. Qxg6 Qxf3 38. gxf3 $11) 1/2-1/2

[Event "Linares Anibal op 04th"]
[Site "Linares"]
[Date "1997.??.??"]
[Round "4"]
[White "Rohl Montes, Juan Armando"]
[Black "Zapata, Alonso"]
[Result "0-1"]
[WhiteElo "2415"]
[BlackElo "2515"]
[Annotator "Ribli,Z"]
[PlyCount "126"]
[EventDate "1997.02.??"]
[EventType "swiss"]
[EventRounds "10"]
[EventCountry "ESP"]
[SourceTitle "CBM 058"]
[Source "ChessBase"]
[SourceDate "1997.06.01"]
[SourceVersion "1"]
[SourceVersionDate "1997.06.01"]
[SourceQuality "1"]

1. e4 c5 2. Nc3 Nc6 3. Nf3 e6 4. d4 cxd4 5. Nxd4 Qc7 6. Be2 Nf6 7. O-O a6 8.
Be3 Bb4 9. Na4 Be7 10. c4 d6 $146 {Nach dieser genügsamen Partiefortsetzung
erhält Weiß ohne Risiko leichten Vorteil.Ribli.} (10... Nxe4 {Die Annahme des
Bauernopfers ist der kritische Zug für Weiß.Ribli.} 11. c5 $44 {Schwarz hat
Entwicklungsprobleme wegen des starken weißen Drucks am Damenflügel.Ribli.} O-O
12. Rc1 Rd8 13. Qb3 $1 {[%csl Rb6,Gc5] Shirov,A-Leko,P/Frankfurt Masters/1996/}
) 11. Nxc6 (11. Nc3 $14 {[%csl Yc4,Yd4,Ye4][%cal Ya1c1,Yc3d5] Weiß
kontrolliert das Zentrum und hat mit späterem 12.Rc1 freie Hand, weil Schwarz
wenig aktive Möglichkeiten besitzt .Ribli.}) 11... bxc6 12. Nb6 {Weiß tauscht
den unentwickelten schwarzen Läufer und bekommt das Läuferpaar, aber das ist
nicht von großer Bedeutung.Ribli.} Rb8 13. Nxc8 Qxc8 14. Qc2 {Weiß hat das
Läuferpaar, aber auf dem Brett gibt es keine offenen Diagonalen. Nach dem
eventuellen Läufertausch - auf den schwarzen Feldern - macht sich die
Schwächung von d4 bemerkbar.Ribli.} (14. c5 $5 d5 $5 (14... Nxe4 15. Qd4 $1 {
[%cal Rd4e4,Rd4g7,Rc5d6]})) 14... c5 15. Rab1 $6 (15. f4 Nd7 (15... Qb7 16. e5
dxe5 17. fxe5 Nd7 (17... Qxb2 18. Qxb2 Rxb2 19. Bf3 $44 {[%cal Yf3c6]}) 18. Bf3
Qxb2 (18... Qc7 $13) 19. Qxb2 (19. Qa4 $36) 19... Rxb2 20. Bc6 Rb6 21. Ba4 {
[%cal Ra1b1,Rf1d1,Rd1d7,Ra4d7,Rb1b8]}) 16. Rad1) 15... Qc6 16. Bd3 (16. f3 Nd7
17. f4) 16... Ng4 $1 {[%csl Re3]} 17. Bd2 Bf6 $11 {[%cal Gf6d4]} 18. Be2 Ne5
19. Bc3 (19. f4 Nd7 20. Bc3) 19... Nd7 20. Bxf6 $6 {Ich glaube, es wäre besser,
die Spannung aufrecht zu erhalten und nicht selbst zu tauschen.Ribli.} Nxf6 21.
Bd3 e5 $15 {[%csl Rd4,Rf4][%cal Yf6d7,Yd7f8,Yf8e6,Ye6d4] Schwarz kann diesen
Zug ohne Bedenken ausführen, da die Schwächung des Felds d5 - ohne weiße
Springer auf dem Brett - irrelevant ist.Ribli.} 22. a3 {[%cal Yb2b4] Mit dem
Textzug will Weiß b2-b4 vorbereiten, aber - da Schwarz die b-Linie hat - wäre
es besser, ruhig zu bleiben. Ich möchte darauf aufmerksam machen, wie schlecht
der weiße Bd3 hinter den Pc4 und e4 postiert ist.Ribli.} a5 $1 23. Qd2 a4 24.
Bc2 {Der weiße Läufer verteidigt seinen Pe4 und kontrolliert den schwarzen Pa4.
Die schwarze, zentralisierte Qc6 steht ausgezeichnet.Ribli.} O-O 25. Rfe1 Rb6 {
[%cal Gb6d6]} 26. Qd1 {[%cal Rc2a4]} Ra8 27. Re3 Nd7 $1 {Der Springer zielt
über f8-e6 nach d4.Ribli.} 28. Qd5 Nf8 29. b3 {Dieser Zug schwächt die weiße
Bauernstellung, aber Weiß kann wegen der Drohung Ne6-d4 nicht warten.Ribli.}
axb3 30. Rexb3 Rba6 (30... Qxd5 31. exd5 Rba6 {Und Schwarz steht auch gut,
aber er hat nicht den Plan Ne6-d4.Ribli.}) 31. Qxc6 Rxc6 32. Rb8 $1 {Eine gute
Idee von Weiß. Er gibt seinen Pa3 auf, und strebt nach aktivem Gegenspiel.
Meiner Meinung nach war das seine beste Möglichkeit.Ribli.} Rxa3 33. Rd8 g6 $8
34. f4 (34. Rbb8 Ra1+ 35. Bb1 Kg7 36. Rxf8 Rxb1+ 37. Rxb1 Kxf8 $17) 34... Kg7
35. f5 {[%csl Rf8][%cal Yb1b8,Yb8f8,Yd8f8] Beraubt Schwarz des Feldes e6.Ribli.
} Rc3 36. Bd1 gxf5 37. exf5 Rxc4 38. f6+ (38. g4 Rd4 $17) 38... Kxf6 39. Rxf8
$15 {Nach den forcierten letzten Zügen hat Schwarz drei Bauern für die Figur.
Ribli.} Kg7 40. Rd8 Rd4 {[%csl Gd4][%cal Yc5c1] Der schwarze Turm auf d4 steht
ideal, er kontrolliert alles. Schwarz hat jedoch Schwierigkeiten, mit seinen
Bauern voranzukommen.Ribli.} 41. Rd7 {[%csl Rf7][%cal Yd1h5,Yh5f7,Yd7f7]} (41.
Bh5 $5 {[%csl Rf7]}) 41... Kg6 42. Bc2+ f5 43. Rf1 e4 44. g4 $8 fxg4 45. Re1
Kf5 $8 (45... d5 46. Rxd5 Rxd5 47. Bxe4+ Rf5 48. Bxc6 $11) 46. Rxh7 d5 47. Rh5+
(47. Kf2 Ra6 $5 (47... Rd2+ 48. Re2 Rxe2+ 49. Kxe2 $15) 48. Kg3 $2 Ra3+ 49. Kh4
$4 Rh3#) 47... Kf4 48. Rh4 Rg6 49. Bd1 (49. h3 Rd2 50. Bb1 c4 $17 {[%cal Yc4c2]
} 51. Rxg4+ Rxg4+ 52. hxg4 c3 $19) 49... Rd2 50. Rf1+ Ke3 51. Rxg4 Rh6 {
Es ist zu bemerken, daß Schwarz in diesem Endspiel nur zwei Bauern für die
Figur hat und trotzdem besser steht.Ribli.} 52. Re1+ Kd4 53. h4 (53. Bf3 Rhxh2
(53... Re6) 54. Bxe4 dxe4 55. Rgxe4+ Kc3 $17 (55... Kd3 56. R1e3+ Kc2 57. Rc4+
$11)) 53... c4 54. Bf3 c3 55. Bxe4 dxe4 56. Rgxe4+ Kd5 (56... Kd3 57. R1e3+ Kc2
58. Rc4 Rd3 59. Kf2 Rxe3 60. Kxe3 Kb3 $17) 57. Re5+ {In diesem Endspiel ist
nur wenig Material auf dem Brett, aber wegen der Türme gibt es so viele
Alternativen, daß - meiner Meinung nach- nur ein Computer die optimale
Fortsetzung finden kann.Ribli.} Kc4 $17 58. h5 c2 {Schließlich findet Weiß
kein Gegenmittel mehr, und der schwarze Pc2 entscheidet die Partie.Ribli.} 59.
R1e4+ Kc3 60. Re1 Rd1 61. Kf2 Rxe1 62. Rxe1 Kb2 63. Rh1 c1=Q {Und Weiß gab auf,
da nur Turm und König gegen König auf dem Brett bleibt.Ribli.} 0-1

[Event "Petrov Memorial op"]
[Site "St Petersburg"]
[Date "1996.??.??"]
[Round "3"]
[White "Asrian, Karen"]
[Black "Tunik, Gennady"]
[Result "1/2-1/2"]
[WhiteElo "2310"]
[BlackElo "2475"]
[Annotator "Ribli,Z"]
[PlyCount "105"]
[EventDate "1996.02.??"]
[EventType "swiss"]
[EventRounds "9"]
[EventCountry "RUS"]
[SourceTitle "CBM 052"]
[Source "ChessBase"]
[SourceDate "1996.06.01"]
[SourceVersion "1"]
[SourceVersionDate "1996.06.01"]
[SourceQuality "1"]

1. e4 c5 2. Nf3 e6 3. d4 cxd4 4. Nxd4 Nc6 5. Nc3 a6 6. Be2 Qc7 7. O-O Nf6 8.
Be3 Bb4 9. Nxc6 $6 {Dieser Zug bringt mehr Nachteile als Vorteile.} (9. Na4
$142 $5) 9... bxc6 10. Na4 Rb8 $1 {Wenn der Anziehende 9.Na4!? spielt, dann
gibt es diese Möglichkeit für Schwarz nicht.} 11. Bd3 {Weiss behandelt die
Eröffnung anspruchlos.} (11. c4 $5) 11... d5 $1 12. Nc5 $146 O-O $1 {Ein in
dieser Variante bekanntes Motiv: Schwarz opfert vorläufig seinen a-Bauern und
gewinnt nach einigen Zügen den b2-Bauern zurück.} 13. exd5 cxd5 14. Nxa6 Bxa6
15. Bxa6 Bd6 16. g3 Be5 $5 {[#]} (16... Rxb2 17. Bd4 Rxc2 18. Bd3 Rc6 19. Bxf6
gxf6 20. Qg4+ Kh8 21. Qh4 f5 22. Qf6+ Kg8 23. Qg5+ Kh8 24. Qf6+ $10) 17. Rb1 (
17. Bd4 Bxd4 18. Qxd4 e5 19. Qc3 Qd6 20. Be2 Rfc8 $36) 17... Bxb2 18. Bd3 Bc3 {
Schwarz hat die Eroeffnungsprobleme zufriedenstellend gelöst: 1.Das weiße
Läuferpaar spielt keine Rolle. 2.Der a2-Bauern ist eher schwach als stark.} 19.
a4 Qa5 20. Bb5 Ne4 21. Qd3 Rbc8 {/\ Bd2} 22. Bd7 Nc5 23. Bxc5 Rxc5 24. Rb5 Qc7
25. Rxc5 Qxc5 26. Rb1 {Weiß hofft auf die ungleichfarbigen Läufer, weil seine
Bauernstruktur nicht besonders gut ist.} Qc7 27. Bb5 g6 28. Rb3 Ba5 29. c4 $5 {
Natürlich will der Anziehende seinen schwächsten Bauern abtauschen.} Rd8 $1 {
Schwarz will mit seinem Turm eine offene Linie besetzen.} 30. Rb1 Qc5 {/\ Bb6
><f2} 31. Qe3 Qxe3 32. fxe3 dxc4 33. Bxc4 Rc8 $1 34. Bb5 Rc3 35. e4 Rc2 $1 36.
Kh1 $1 $8 Ra2 37. Rg1 $1 {Ohne diesen Zug kann Weiß den schwarzen Druck in der
zweiten Reihe nicht abschütteln.} h5 38. Rg2 Ra3 39. Rf2 {/\ Be8} Kf8 $1 40.
Kg2 Bb6 41. Rd2 g5 {/\ g4, Rg1} 42. Be2 $1 {Mit diesem Bauernopfer wird Weiss
in den Remishafen segeln.} Rxa4 43. Bxh5 Rxe4 44. Rb2 $1 {Weiss will irgendwo
den f7-Bauern angreiffen.} Bc7 45. Rf2 f5 46. Re2 $1 {Im Endergebnis hat
Schwarz einen Bauern erobert, aber das Endspiel nach dem erzwungenen
Turmtausch ist für ihn nicht zu gewinnen.} Rxe2+ 47. Bxe2 Ke7 48. g4 $1 Kf6 49.
h3 e5 50. h4 $1 gxh4 51. gxf5 Kxf5 52. Bd3+ e4 53. Bxe4+ {Wir sehen eine
bekannte Remisstellung.} 1/2-1/2

[Event "Petrov Memorial op"]
[Site "St Petersburg"]
[Date "1996.??.??"]
[Round "6"]
[White "Loskutov, Oleg"]
[Black "Terekhov, Andrey"]
[Result "1-0"]
[WhiteElo "2440"]
[BlackElo "2315"]
[Annotator "Ribli,Z"]
[PlyCount "81"]
[EventDate "1996.02.??"]
[EventType "swiss"]
[EventRounds "9"]
[EventCountry "RUS"]
[SourceTitle "CBM 052"]
[Source "ChessBase"]
[SourceDate "1996.06.01"]
[SourceVersion "1"]
[SourceVersionDate "1996.06.01"]
[SourceQuality "1"]

1. e4 c5 2. Nf3 e6 3. d4 cxd4 4. Nxd4 Nc6 5. Nc3 Qc7 6. Be2 a6 7. O-O Nf6 8.
Be3 Bb4 9. Na4 O-O 10. Nxc6 bxc6 11. Nb6 (11. c4 $5) 11... Rb8 12. Nxc8 Rfxc8
13. Bxa6 Rd8 $6 (13... Rf8 $5 {Schwarz soll den f7-Bauern decken.} 14. Bd3 Bd6
15. Kh1 Be5 16. c3 Rxb2 17. Qc1 Ng4 18. f4 Nxe3 19. Qxb2 Bxf4 $44 {Luther,
T-Horvath,Jo/Borsodtavho/1991/EXP23/}) 14. Bd3 Bd6 15. Kh1 Be5 16. c3 Rxb2 17.
Qc1 Ng4 18. f4 Nxe3 19. Qxb2 Bxf4 20. Qf2 Nxf1 21. Rxf1 g5 22. g3 Qd6 23. Be2
Be5 24. Qxf7+ Kh8 25. a4 $5 $146 {[#] Der erste neue Zug. Weiss hofft auf
seinen Freibauern.} (25. Rd1 Qc7 26. Bg4 d5 27. Qxe6 Bxc3 28. exd5 cxd5 29. Bf3
(29. Rxd5 $5 $14 {Liberzon}) 29... Qe5 30. Qxe5+ Bxe5 31. Bxd5 Kg7 32. Kg2 g4
33. a4 Bc3 $14 {Der weisse Vorteil ist unbedeutend. Tal,M-Liberzon,V/Skara/
1980/INF29,307/}) 25... Qc5 {Schwarz will a5 verhindern.} (25... Bg7 $5 26. a5
$5) (25... Bxc3 26. a5 $1 Bxa5 $2 27. Qf6+ Kg8 28. Bh5 $18) 26. c4 Bg7 27. Qh5
Qe3 {Schwarz will den e4-Bauern nehmenn.} 28. Rf3 $1 {[#] Eine unangenehme
Ueberraschung.} Qc1+ (28... Qxe4 $4 29. Bd3 Qe1+ 30. Rf1 $18) 29. Kg2 Rg8 30.
Rf7 Qc2 31. Rxd7 Qxe4+ (31... Qxa4 32. Bd3 {/\ e5} e5 33. Qxg5 $16) 32. Qf3 Qc2
33. Qd3 Qxd3 (33... Qxa4 34. Qe4 $1 {/\ Bd3} Qa2 (34... Qa5 35. Bd3 Qd2+ (35...
Qf5 36. Qxc6 Qe5 37. Qe4 $16) 36. Kh3 g4+ 37. Qxg4 Qh6+ 38. Kg2 Qd2+ 39. Qe2
Qxe2+ 40. Bxe2 $14) 35. Kh3 Qa5 36. Bd3 Qf5+ 37. Qxf5 exf5 38. Bxf5 $16) 34.
Bxd3 Ra8 35. Be4 $1 {[#] Eine sehr unangenehme Ueberraschung.} Rc8 (35... Rxa4
36. Rd8+ $18) 36. a5 $1 {Nunn rollt der weisse a-Bauern unaufhaltsam voran.
Der Anziehende hat das Ziel seiner Neuerung erreicht: siehe die Anmerkungen
zum 25. Zug.} Kg8 37. a6 Bf8 38. a7 Bc5 39. Rb7 Rf8 40. Bxh7+ Kh8 41. Rb8 1-0